Normal view MARC view

Entry Personal Name

Number of records used in: 1

001 - CONTROL NUMBER

  • control field: 7251

003 - CONTROL NUMBER IDENTIFIER

  • control field: OSt

005 - DATE AND TIME OF LATEST TRANSACTION

  • control field: 20211028144034.0

008 - FIXED-LENGTH DATA ELEMENTS

  • fixed length control field: 211028|| aca||aabn | a|a d

040 ## - CATALOGING SOURCE

  • Original cataloging agency: OSt
  • Transcribing agency: OSt

100 ## - HEADING--PERSONAL NAME

  • Personal name: T I, Suhana; Amin, Venkatesh S.
  • Miscellaneous information: 1216141

670 ## - SOURCE DATA FOUND

  • Source citation: Work cat.: (OSt): T I, Suhana; Amin, Venkatesh S. 1216141, Study onemployee retention with reference to ZSK apparels Bangalore., 2014